000 00809cam a2200241 a 4500
001 2052259
005 20180309033533.0
008 930910s1994 nyu b 001 0 eng
010 _a 93036929
020 _a0231100205 (alk. paper)
020 _a0231100213 (pbk.)
040 _aDLC
_cDLC
_dDLC
041 _aeng
080 _a325.3
082 0 0 _a325.3 WIL
_220
100 _a50
101 _aSOC
245 0 0 _aColonial discourse and post-colonial theory :
_cedited and introduced by Patrick Williams and Laura Chrisman.
504 _aIncludes bibliographical references (p. 551-561) and index.
906 _a7
_bcbc
_corignew
_d1
_eocip
_f19
_gy-gencatlg
942 _2ddc
_cBK
999 _c44523
_d44523